00381 a2200145 4500003000400000005001700004008004100021020001800062040000900080082002000089100004500109245003200154260003600186300001300222OSt20260307133654.0260306b |||||||| |||| 00| 0 eng d a9788122613858 coclc a894.8123bNAI/M1 aVāsudēvan Nāyar, Eṃ. Ti.,d1933- aMANJU /cM T Vasudevan Nair aThrissur:bCurrent Books.c2025 a80 pages